英国海外领土 British Overseas Territories - Statistics

General Stats
  • This quiz has been taken 24 times
  • The average score is 7 of 31
Answer Stats
地理位置 Answer % Correct
欧洲 直布罗陀
86%
直布罗陀
86%
北大西洋 百慕大
82%
北大西洋 开曼群岛
55%
北大西洋 英属维尔京群岛
50%
南大西洋 福克兰群岛
50%
南大西洋 圣赫勒拿岛
45%
南极洲 英属南极领地
36%
北大西洋 安圭拉
32%
印度洋 英属印度洋领地
27%
北大西洋 蒙特塞拉特
27%
太平洋 皮特凯恩、亨德森、迪西和奥埃诺群岛
23%
南大西洋 南乔治亚岛
23%
南大西洋 特克斯和凯科斯群岛
23%
南大西洋 特里斯坦达库尼亚岛
14%
南大西洋 南桑威奇群岛
14%
斯坦利港
14%
南大西洋 阿森松岛
9%
哈密尔顿
9%
乔治敦
9%
詹姆斯敦
9%
罗德城
5%
亚当斯敦
5%
科伯恩城
5%
地中海 阿克罗蒂里和泽凯利亚
0%
瓦利
0%
罗瑟拉研究站
0%
迭戈加西亚海军支援设施
0%
普利茅斯(布莱兹)
0%
爱德华国王角
0%
埃皮斯科皮兵营
0%
No matching quizzes found
Score Distribution
Percent of People with Each Score
Percentile by Number Answered
Your Score History
You have not taken this quiz